Gaming Quiz

Random Gaming or Country Quiz

Countries Visited by Lara Croft Quiz Stats

 Plays Quiz Updated Jul 14, 2016

Challenge
Share
Tweet
Embed
Score 0/20 Timer 05:00
4 Plays Today
Continent Country % Correct
EuropeUnited Kingdom
94.1%
AsiaChina
92%
EuropeFrance
88.5%
North AmericaUnited States
88.5%
AsiaJapan
87.2%
South AmericaPeru
86.2%
EuropeItaly
86.1%
AfricaEgypt
85.2%
Europe/AsiaRussia
83.1%
North AmericaMexico
82.8%
Continent Country % Correct
AsiaIndia
79.2%
EuropeGreece
71.4%
South AmericaBolivia
65.1%
AsiaThailand
61.8%
EuropeIreland
56%
AsiaNepal
53.3%
AsiaCambodia
50.8%
EuropeCzechia
37.2%
AsiaKazakhstan
36.4%
AfricaGhana
31.2%

You're not logged in!

Compare scores with friends on all Sporcle quizzes.
OR
Log In

You Might Also Like...

Show Comments

Extras

Top Quizzes Today


Score Distribution

Your Account Isn't Verified!

In order to create a playlist on Sporcle, you need to verify the email address you used during registration. Go to your Sporcle Settings to finish the process.

Report this User

Report this user for behavior that violates our Community Guidelines.

Details: